|
|
|
|
| LEADER |
01801nam a2200409 a 4500 |
| 001 |
000704884 |
| 003 |
CZ BrMZK |
| 005 |
20190926140716.0 |
| 007 |
ta |
| 008 |
040130s2003 xr a e 100 0 cze d |
| 015 |
|
|
|a cnb001290408
|
| 020 |
|
|
|a 80-86555-31-3
|q (brož.)
|
| 035 |
|
|
|a (OCoLC)56872738
|
| 040 |
|
|
|a BOA001
|b cze
|
| 072 |
|
7 |
|a 632
|x Ochrana rostlin. Fytopatologie
|2 Konspekt
|9 24
|
| 080 |
|
|
|a 632.95
|2 MRF
|
| 080 |
|
|
|a 632.95.028
|2 MRF
|
| 080 |
|
|
|a 632.6/.7
|2 MRF
|
| 080 |
|
|
|a (062.534)
|2 MRF
|
| 111 |
2 |
|
|a Rizika pesticidů a škodlivých organismů v agroekosystémech (seminář)
|d (2003 :
|c Praha, Česko)
|7 kn20040330011
|
| 245 |
1 |
0 |
|a Rizika pesticidů a škodlivých organismů v agroekosystémech :
|b sborník ze semináře : 7. říjen 2003 /
|c V. Stejskal, F. Kocourek, J. Krejčová, eds.
|
| 246 |
3 |
3 |
|a Sborník ze semináře Rizika pesticidů a škodlivých organismů v agroekosystémech
|
| 260 |
|
|
|a Praha :
|b Výzkumný ústav rostlinné výroby,
|c 2003
|
| 300 |
|
|
|a 151 s. :
|b il. ;
|c 21 cm
|
| 500 |
|
|
|a Dostupné též v digitální podobě v aplikaci Kramerius
|
| 504 |
|
|
|a Obsahuje bibliografie
|
| 650 |
0 |
7 |
|a pesticidy
|7 ph124058
|2 czenas
|
| 650 |
0 |
7 |
|a rezidua pesticidů
|7 ph234814
|2 czenas
|
| 650 |
0 |
7 |
|a škůdci rostlin
|7 ph127823
|2 czenas
|
| 655 |
|
7 |
|a sborníky konferencí
|7 fd133333
|2 czenas
|
| 700 |
1 |
|
|a Kocourek, František,
|d 1952-
|7 jn20000710228
|4 edt
|
| 700 |
1 |
|
|a Krejčová, Jana,
|d 1979-
|7 ola2004228906
|4 aut
|
| 700 |
1 |
|
|a Stejskal, Václav,
|d 1963-
|7 jn20000402278
|4 edt
|
| 856 |
4 |
1 |
|u http://www.digitalniknihovna.cz/mzk/uuid/uuid:c37ef240-0863-11e6-a611-005056827e51
|y Digitalizovaný dokument
|x NDK
|
| 910 |
|
|
|a BOA001
|b 2-1129.677
|
| 990 |
|
|
|a BK
|
| 996 |
6 |
|
|b 2610211939
|c 2-1129.677
|l MZK
|r Sklad / do 1 hodiny
|n 4
|p p.v.
|w 000704884
|u 000010
|a 1
|e BOA001
|j MZK50
|s P
|